000 00517nam a2200181Ia 4500
003 GCL
008 140319s9999 xx 000 0 ara d
040 _aGCL /
_cGCL
082 0 4 _a362.6042
_bم ر
100 1 _aمحمد سيد فهمى
245 1 0 _aرعاية المسنين اجتماعيا /
_cمحمد سيد فهمى
300 _a366 ص
490 _a
650 0 4 _aالخدمة الاجتماعية
650 0 4 _aالعلاج الاجتماعى
650 0 4 _aرعاية المسنون
942 _2ddc
_cBK
999 _c45496
_d45496